| 000 | 00851cam a22002054a 4500 | ||
|---|---|---|---|
| 003 | OSt | ||
| 008 | 220207b ||||| |||| 00| 0 eng d | ||
| 020 | _a082479575X (alk. paper) | ||
| 020 | _a9780824795757 | ||
| 082 | 0 | 0 | _a620.106 |
| 100 | 1 |
_aBloomer, John J., _95169 |
|
| 245 | 1 | 0 | _aPractical fluid mechanics for engineering applications / |
| 250 | _aIndian Edition | ||
| 260 |
_aNew York : _bMarcel Dekker, _cc2000. |
||
| 300 |
_aix, 392 p. : _bill. ; |
||
| 490 | 1 | _aMechanical engineering ; | |
| 505 | _a *Basic Concepts of Fluid Mechanics *Fluid Statics *Equations of Fluid Motion *Flow in Pipes *Flow in Open Channels *Flow Measurement in Closed Conduits *Forces on Immersed Objects *Unsteady Flow *Appendix A Conversion Factors *Fluid Properties | ||
| 650 | 0 |
_aFluid mechanics. _9163 |
|
| 942 | _cBK | ||
| 999 |
_c13917 _d13917 |
||